01145cam a22002777a 4500999001700000003000900017005001700026008004100043040004300084082002600127245012300153264009700276300002900373336002600402337003500428338002900463504006300492541003600555590001700591650006600608651001000674653002400684655002400708942001200732952012300744 c14481d14481EG-ScBUE20201124141925.0100714s1995 ua f b 000 0 ara d aEG-ScBUEbaraerdadEG-ScBUEcEG-ScBUE04a892.709bش ر ف22212aالتفسير الإعلامي لأدب المقالة /cتأليف الدكتور عبد العزيز شرف. 1aالقاهرة :bدار عالم المعرفة لنشر وتوزيع الكتاب،c1995. a380 صفحة ؛c24 سم 2rdacontentaنصbtxt 2rdamediaaبدون وسيطbn 2rdacarrieraمجلدbnc aيشتمل على إرجاعات ببليوجرافية. aألف باء ؛cشراء ؛ amahmoud sami 7aالأدب العربيxتاريخ ونقد.2BUEsh916299 2BUEsh bARALITcJanuary2020 vReading book934232 2ddccBB 00102ddc40708Alef-BaaaMAINbMAINc2NDd2010-07-14ePurchaseo892.709 ش ر فp000021541r2025-07-15 00:00:00yBB